000 00507nam a22001577a 4500
003 macl
005 20181216121825.0
008 181216b xxu||||| |||| 00| 0 eng d
040 _cmacl
082 _a800//CHI
100 _aदीक्षित ,डॉ सूर्यप्रसाद
_973426
245 _aचिंतामणि ग्रथावली
260 _aदिल्‍ली
_bगाैरव बुक्‍स
_c2012
650 _aरचनावली
_9163
942 _2ddc
_cHIN
999 _c58732
_d58732